Martin Luther King / (Record no. 12516)
[ view plain ]
| 000 -LEADER | |
|---|---|
| fixed length control field | 01349nam a22003617a 4500 |
| 003 - CONTROL NUMBER IDENTIFIER | |
| control field | EG-ScBUE |
| 005 - DATE AND TIME OF LATEST TRANSACTION | |
| control field | 20220616131536.0 |
| 006 - FIXED-LENGTH DATA ELEMENTS--ADDITIONAL MATERIAL CHARACTERISTICS--GENERAL INFORMATION | |
| fixed length control field | m||||fq||h 00| 0 |
| 008 - FIXED-LENGTH DATA ELEMENTS--GENERAL INFORMATION | |
| fixed length control field | 090803s2008 enka f 000 1deng d |
| 020 ## - INTERNATIONAL STANDARD BOOK NUMBER | |
| International Standard Book Number | 9781405881944 |
| 040 ## - CATALOGING SOURCE | |
| Original cataloging agency | EG-ScBUE |
| Language of cataloging | eng |
| Description conventions | rda |
| Transcribing agency | EG-ScBUE |
| Modifying agency | EG-ScBUE |
| 082 04 - DEWEY DECIMAL CLASSIFICATION NUMBER | |
| Edition number | 22 |
| Classification number | 428.64 |
| Item number | DEG |
| 100 1# - MAIN ENTRY--PERSONAL NAME | |
| Personal name | Degnan- Veness, Coleen, |
| Relator term | author. |
| 9 (RLIN) | 8321 |
| 245 10 - TITLE STATEMENT | |
| Title | Martin Luther King / |
| Statement of responsibility, etc | Coleen Degnan-Veness. |
| 264 #1 - PUBLICATION, DISTRIBUTION, ETC. (IMPRINT) | |
| Place of publication, distribution, etc | Harlow, England : |
| Name of publisher, distributor, etc | Pearson Education Limited, |
| Date of publication, distribution, etc | 2008. |
| 300 ## - PHYSICAL DESCRIPTION | |
| Extent | iv, 46 pages : |
| Other physical details | color illustrations ; |
| Dimensions | 20 cm + |
| Accompanying material | 2 CD. |
| 336 ## - CONTENT TYPE | |
| Source | rdacontent |
| Content type term | text |
| Content type code | txt |
| 336 ## - CONTENT TYPE | |
| Source | rdacontent |
| Content type term | sounds |
| Content type code | snd |
| 337 ## - MEDIA TYPE | |
| Source | rdamedia |
| Media type term | unmediated |
| Media type code | n |
| 337 ## - MEDIA TYPE | |
| Source | rdamedia |
| Media type term | audio |
| Media type code | s |
| 338 ## - CARRIER TYPE | |
| Source | rdacarrier |
| Carrier type term | volume |
| Carrier type code | nc |
| 338 ## - CARRIER TYPE | |
| Source | rdacarrier |
| Carrier type term | computer disc |
| Carrier type code | cd |
| 490 0# - SERIES STATEMENT | |
| Series statement | Penguin readers ; |
| Volume number/sequential designation | level 3 |
| 500 ## - GENERAL NOTE | |
| General note | Level 3, 1200 headwords, pre- Intermediate"-- Cover |
| 521 ## - TARGET AUDIENCE NOTE | |
| Target audience note | A2: Pre-Intermediate |
| 600 17 - SUBJECT ADDED ENTRY--PERSONAL NAME | |
| 9 (RLIN) | 24069 |
| Personal name | King, Martin Luther, |
| Titles and other words associated with a name | Jr., |
| Dates associated with a name | 1929-1968, |
| Form subdivision | Juvenile literature. |
| Source of heading or term | BUEsh |
| 650 #7 - SUBJECT ADDED ENTRY--TOPICAL TERM | |
| Topical term or geographic name as entry element | African American abolitionists |
| Geographic subdivision | United States |
| Form subdivision | Biography |
| -- | Juvenile literature. |
| Source of heading or term | BUEsh |
| 9 (RLIN) | 13971 |
| 650 #7 - SUBJECT ADDED ENTRY--TOPICAL TERM | |
| Topical term or geographic name as entry element | Baptists |
| 9 (RLIN) | 24070 |
| Form subdivision | Biography |
| General subdivision | Clergy |
| Geographic subdivision | United States. |
| Source of heading or term | BUEsh |
| 651 ## - SUBJECT ADDED ENTRY--GEOGRAPHIC NAME | |
| Source of heading or term | BUEsh |
| 653 ## - INDEX TERM--UNCONTROLLED | |
| Arrived date list | May2011 |
| Resource For college | Humanities: English |
| 655 ## - INDEX TERM--GENRE/FORM | |
| Form subdivision | Reading book |
| 9 (RLIN) | 34232 |
| 942 ## - ADDED ENTRY ELEMENTS (KOHA) | |
| Source of classification or shelving scheme | Dewey Decimal Classification |
| Koha item type | Book - Borrowing |
| Withdrawn status | Lost status | Source of classification or shelving scheme | Damaged status | Not for loan | Collection code | Home library | Current library | Shelving location | Date acquired | Source of acquisition | Cost, normal purchase price | Serial Enumeration / chronology | Total Checkouts | Total Renewals | Full call number | Barcode | Date last seen | Date checked out | Price effective from | Koha item type | Public note |
|---|---|---|---|---|---|---|---|---|---|---|---|---|---|---|---|---|---|---|---|---|---|
| Dewey Decimal Classification | Baccah | Central Library | Central Library | Second Floor | 04/08/2009 | 64.00 | 8372 | 9 | 4 | 428.64 DEG | 000017765 | 15/07/2025 | 27/04/2015 | 04/08/2009 | Book - Borrowing | ||||||
| Dewey Decimal Classification | Baccah | Central Library | Central Library | Second Floor | 04/08/2009 | 8372 | 428.64 DEG | 000017766 | 24/08/2022 | 04/08/2009 | CD | DVD - With book | Disc 1 | |||||||||
| Dewey Decimal Classification | Baccah | Central Library | Central Library | Second Floor | 04/08/2009 | 64.00 | 8372 | 428.64 DEG | 000017767 | 24/08/2022 | 04/08/2009 | CD | DVD - With book | Disc 2 | ||||||||
| Dewey Decimal Classification | Baccah | Central Library | Central Library | Second Floor | 04/08/2009 | 53.00 | 8372 | 6 | 16 | 428.64 DEG | 000017768 | 15/07/2025 | 26/03/2016 | 04/08/2009 | Book - Borrowing | ||||||
| Dewey Decimal Classification | Baccah | Central Library | Central Library | Second Floor | 25/05/2011 | Purchase | 40.00 | 12341 | 8 | 9 | 428.64 DEG | 000023689 | 15/07/2025 | 02/04/2016 | 25/05/2011 | Book - Borrowing | |||||
| Dewey Decimal Classification | Baccah | Central Library | Central Library | Second Floor | 25/05/2011 | Purchase | 428.64 DEG | 000023690 | 24/08/2022 | 25/05/2011 | CD | DVD - With book (NB) | Disc 1 | |||||||||
| Dewey Decimal Classification | Baccah | Central Library | Central Library | Second Floor | 25/05/2011 | Purchase | 428.64 DEG | 000023691 | 24/08/2022 | 25/05/2011 | CD | DVD - With book (NB) | Disc 2 |